书目信息 |
| 题名: |
中西对照恒星图表
|
|
| 作者: | 伊世同 编绘 | |
| 分册: | 星表分册 | |
| 出版信息: | 北京 科学出版社 1981 |
|
| 页数: | 193页 | |
| 开本: | 26cm | |
| 丛书名: | ||
| 单 册: | ||
| 中图分类: | P114.4 | |
| 科图分类: | ||
| 主题词: | 恒星-星图 , 星图-恒星 | |
| 电子资源: | ||
| ISBN: | ||
| 000 | 00714nam0 2200253 45 | |
| 001 | 0181005021 | |
| 005 | 20060425164603.60 | |
| 010 | @dCNY8.00 | |
| 100 | @a19950706d1981 emky0chiy0121 ea | |
| 101 | 0 | @achi |
| 102 | @aCN@b110000 | |
| 105 | @aa z 000yy | |
| 200 | 10 | @a中西对照恒星图表@AZhong Xi Dui Zhao Heng Xing Tu Biao@e1950.0@i星表分册@f伊世同编绘@FYi Shi Tong Bian Hui |
| 210 | @a北京@c科学出版社@d1981 | |
| 215 | @a193页@d26cm | |
| 517 | @a星表分册@Axing biao fen ce | |
| 517 | @a1950.0 | |
| 606 | @a恒星-星图 | |
| 606 | @a星图-恒星 | |
| 690 | @aP114.4@v3 | |
| 701 | 0 | @a伊世同@4编绘 |
| 801 | 2 | @aCN@bNLC@c20060425 |
| 801 | 0 | @aCN@b上海图书馆@c20040923 |
| 905 | @f2@b244451-452@dP114.4@e71:2 | |
| 中西对照恒星图表:1950.0.星表分册/伊世同编绘.-北京:科学出版社,1981 |
| 193页;26cm |
| ISBN :CNY8.00 |
| ● |
| 相关链接 |
|
|
|
|
正题名:中西对照恒星图表
索取号:P114.4/71:2
 
预约/预借
| 序号 | 登录号 | 条形码 | 馆藏地/架位号 | 状态 | 备注 |
| 1 | 0244454 | 000698203 | 密集书库/ [索取号:P114.4/71:2] | 在馆 | |
| 2 | 0244455 | 000698196 | 密集书库/ [索取号:P114.4/71:2] | 在馆 | |
| 3 | 0244456 | 202102991 | 第二样本阅览室/ [索取号:P114.4/71:2] | 在馆 |